000 00468nam a2200157Ia 4500
003 IQ-KOUCL
041 _aArabic
082 _a907,2 cut- 384 م
100 _a20260118u\\\\\\\\\\\y0engy0103\\\\ba
100 _aد.جهان عزت محمد
245 0 _aالنصوص الاكدية للمعاهدات الحثية - السورية
250 _aط1
260 _bصفحات للنشر والتوزيع
_aدمشق - سوريا
_c2019
300 _a373
942 _cBk
999 _c185934
_d185934